| 000 | 01989nam0a2200313 4500 | ||
|---|---|---|---|
| 001 | rc\4961409 | ||
| 005 | 20260510063813.0 | ||
| 035 | _a(NLR Aleph) 008862579 | ||
| 090 |
_a8470622 _c8470622 |
||
| 100 | _a20130426d1965 |||y0rusy50 ca | ||
| 101 | 0 | _arus | |
| 102 | _aRU | ||
| 105 | _aa z 000zy | ||
| 200 | 1 |
_aРасчет кулачковых механизмов кузнечно-штамповочных автоматов _e(руководящий материал) _fГосударственный комитет по машиностроению при Госплане СССР, Управление по развитию кузнечно-прессового и литейного машиностроения, Экспериментальный научно-исследовательский институт кузнечно-прессового машиностроения - ЭНИКМаш _g[составитель - к. т. н. Миропольский Ю. А.] |
|
| 210 |
_aВоронеж _c[б. и.] _d1965 |
||
| 215 |
_a54 с. _cил., табл. _d29 |
||
| 309 | _aОтпеч. на ротапр. | ||
| 316 |
_aЭкз. РНБ немур.: № 499 _5NLR |
||
| 320 | _aБиблиогр.: с. 53 (6 назв.) | ||
| 333 | _aРассылается по списку. Гриф ограничения доступа снят | ||
| 606 | 1 |
_aКузнечно-прессовые автоматы _jРуководства, пособия и т.п _xКулачковые механизмы _xРасчет _91414419 _3RU\NLR\AUTH\66596328 |
|
| 686 | 1 | _aК623.02-5-041.4-02я7 | |
| 702 | 1 |
_aМиропольский _bЮ. А. _gЮрий Агафодорович _4220 |
|
| 712 | 0 | 2 |
_4570 _aЭкспериментальный НИИ кузнечно-прессового машиностроения _cВоронеж _9484394 _3RU\NLR\AUTH\889993890 |
| 801 | 0 |
_aRU _bNLR _gpsbo |
|
| 801 | 1 |
_aRU _bELAR _2rusmarc |
|
| 942 | _cBOOK | ||
| 980 | _aNB | ||